<?xml version="1.0" encoding="UTF-8"?>
<record
    xmlns:xsi="http://www.w3.org/2001/XMLSchema-instance"
    xsi:schemaLocation="http://www.loc.gov/MARC21/slim http://www.loc.gov/standards/marcxml/schema/MARC21slim.xsd"
    xmlns="http://www.loc.gov/MARC21/slim">

  <leader>02006nam a22003257a 4500</leader>
  <controlfield tag="005">20240313105411.0</controlfield>
  <controlfield tag="008">240311b           ||||| |||| 00| 0 eng d</controlfield>
  <datafield tag="020" ind1=" " ind2=" ">
    <subfield code="a">9788121921534</subfield>
  </datafield>
  <datafield tag="040" ind1=" " ind2=" ">
    <subfield code="c">AL</subfield>
  </datafield>
  <datafield tag="041" ind1=" " ind2=" ">
    <subfield code="a">eng</subfield>
  </datafield>
  <datafield tag="082" ind1=" " ind2=" ">
    <subfield code="2">23</subfield>
    <subfield code="a">576.028</subfield>
    <subfield code="b">DUBP</subfield>
  </datafield>
  <datafield tag="100" ind1=" " ind2=" ">
    <subfield code="a">R C Dubey</subfield>
    <subfield code="9">154046</subfield>
  </datafield>
  <datafield tag="100" ind1=" " ind2=" ">
    <subfield code="d">D K Maheshwari</subfield>
    <subfield code="9">153754</subfield>
  </datafield>
  <datafield tag="245" ind1=" " ind2=" ">
    <subfield code="a">Practical Microbiology</subfield>
  </datafield>
  <datafield tag="250" ind1=" " ind2=" ">
    <subfield code="a">3</subfield>
  </datafield>
  <datafield tag="260" ind1=" " ind2=" ">
    <subfield code="a">New Delhi</subfield>
    <subfield code="b">S Chand and Company Ltd</subfield>
    <subfield code="c">2018</subfield>
  </datafield>
  <datafield tag="300" ind1=" " ind2=" ">
    <subfield code="a">xvii,413p.</subfield>
    <subfield code="c">24x17cm.</subfield>
    <subfield code="b">PB</subfield>
  </datafield>
  <datafield tag="365" ind1=" " ind2=" ">
    <subfield code="2">Microbiology</subfield>
    <subfield code="a">7733</subfield>
    <subfield code="b">260.00</subfield>
    <subfield code="c">&#x20B9;</subfield>
    <subfield code="d">325.00</subfield>
    <subfield code="e">PB</subfield>
    <subfield code="f">15-02-2024</subfield>
  </datafield>
  <datafield tag="520" ind1=" " ind2=" ">
    <subfield code="a">Practical Microbiology is a comprehensive book for undergraduate students of Biotechnology. The book comprises chapters on cultivation of microorganisms, soil microbiology, virology, molecular microbiology, and industrial microbiology. In addition, the book consists of several detailed diagrams and illustrations to help understand the concepts better. This book is essential for biotechnology students preparing for exams like IIT-JAM and NET.
</subfield>
  </datafield>
  <datafield tag="521" ind1=" " ind2=" ">
    <subfield code="a">Table of Contents: 1.MICROBIOLOGY LABORATORY : BASIC RULES and REQUIREMENTS 2.METHODS FOR STUDY OF MICROORGANISM S 3.SAMPLING , OBSERVATION and STAINING OF MICROORGANISM 4.CULTIVATION OF MICROORGANISMS 5.SPECIAL FEATURES OF SELECTED MICROORGANISMS 6.MICROBIAL INTERACTION S7.MICROBIAL GROWTH 8.CHARACTERISATION OF MICROBIAL CULTURE S 9.SOIL MICROBIOLOGY 10.MOLECULAR BIOLOG Y11.MICROBIAL GENETICS 12.VIROLOG Y13.MICROBIOLOGY OF MILK andFOOD PROJECTS 14.MEDICAL MICROBIOLOGY and PATHOLOG Y15.DIAGNOSTIC MICROBIOLOGY and IMMUNOLOGY 16.WATER and WASTEWATER MICROBIOLOGY 17.INDUSTRIAL MICROBIOLOGY 18.BIOCHEMICAL ESTIMATION</subfield>
  </datafield>
  <datafield tag="650" ind1=" " ind2=" ">
    <subfield code="a">Microorganisms</subfield>
    <subfield code="9">153755</subfield>
  </datafield>
  <datafield tag="650" ind1=" " ind2=" ">
    <subfield code="a">Microbial Interactions</subfield>
    <subfield code="9">153756</subfield>
  </datafield>
  <datafield tag="650" ind1=" " ind2=" ">
    <subfield code="a">Microibial Growth</subfield>
    <subfield code="9">153757</subfield>
  </datafield>
  <datafield tag="650" ind1=" " ind2=" ">
    <subfield code="a">Soil Microbilogy</subfield>
    <subfield code="9">153758</subfield>
  </datafield>
  <datafield tag="650" ind1=" " ind2=" ">
    <subfield code="a">Industrial Microbiology</subfield>
    <subfield code="9">153759</subfield>
  </datafield>
  <datafield tag="650" ind1=" " ind2=" ">
    <subfield code="a">Biochemial Estimation</subfield>
    <subfield code="9">153760</subfield>
  </datafield>
  <datafield tag="700" ind1=" " ind2=" ">
    <subfield code="a">DUBEY (R C)</subfield>
    <subfield code="9">153761</subfield>
  </datafield>
  <datafield tag="700" ind1=" " ind2=" ">
    <subfield code="a">MAHESHWARI (D K)</subfield>
    <subfield code="9">153762</subfield>
  </datafield>
  <datafield tag="942" ind1=" " ind2=" ">
    <subfield code="2">ddc</subfield>
    <subfield code="c">BK</subfield>
  </datafield>
  <datafield tag="999" ind1=" " ind2=" ">
    <subfield code="c">230215</subfield>
    <subfield code="d">230215</subfield>
  </datafield>
  <datafield tag="952" ind1=" " ind2=" ">
    <subfield code="0">0</subfield>
    <subfield code="1">0</subfield>
    <subfield code="2">ddc</subfield>
    <subfield code="4">0</subfield>
    <subfield code="7">0</subfield>
    <subfield code="8">MB</subfield>
    <subfield code="a">AL</subfield>
    <subfield code="b">AL</subfield>
    <subfield code="d">2024-02-19</subfield>
    <subfield code="e">Biblios Book Point Surathkal Mangalore 575014</subfield>
    <subfield code="g">260.00</subfield>
    <subfield code="l">0</subfield>
    <subfield code="o">576.028 DUBP</subfield>
    <subfield code="p">077108</subfield>
    <subfield code="r">2024-03-11 00:00:00</subfield>
    <subfield code="v">325.00</subfield>
    <subfield code="w">2024-03-11</subfield>
    <subfield code="y">BK</subfield>
  </datafield>
</record>
